000 00921na a2200313 4500
001 13365
003 MIRAKIL
005 20181213154907.0
008 161005b tu 000 0
020 _a9751713110
035 _a13365
040 _aMilas
_btur
_cTR-AnCHP
082 _a306.089943
_bG98t 1993
090 _a306.089943 G98t 1993
100 _aGüvenç, Bozkurt
245 _aTürk kimliği
_bkültür tarihinin kaynakları
_cBozkurt Güvenç
246 _aKültür tarihinin kaynakları
260 _aAnkara
_bKültür Bakanlığı
_c1993
300 _axi, 448 s.
_bres. , hrt.
_c24 sm.
490 _aİnsanlık Tarihi dizisi
_v2
490 _aKültür Bakanlığı yayınları
_v1549
504 _aKaynakça var.
650 _aTürkler
_xTarih
651 _aTürkiye
_xKültür
651 _aTürkiye
_xUygarlık
651 _aTürkiye
_xTarih
657 _aTürk kültürü
942 _2ddc
_cBKS
999 _c2705
_d2705